<?xml version="1.0" encoding="UTF-8"?>
<record
    xmlns:xsi="http://www.w3.org/2001/XMLSchema-instance"
    xsi:schemaLocation="http://www.loc.gov/MARC21/slim http://www.loc.gov/standards/marcxml/schema/MARC21slim.xsd"
    xmlns="http://www.loc.gov/MARC21/slim">

  <leader>02188nam a2200361 a 4500</leader>
  <controlfield tag="001">000024463</controlfield>
  <controlfield tag="005">20250311111111.0</controlfield>
  <controlfield tag="008">110127s1998    mx a    r     000 | spa d</controlfield>
  <datafield tag="020" ind1=" " ind2=" ">
    <subfield code="a">9684442629</subfield>
  </datafield>
  <datafield tag="040" ind1=" " ind2=" ">
    <subfield code="a">DO-SdBNP</subfield>
    <subfield code="b">spa</subfield>
    <subfield code="c">BNPHU</subfield>
  </datafield>
  <datafield tag="082" ind1=" " ind2=" ">
    <subfield code="a">001.42</subfield>
    <subfield code="b">T252i</subfield>
  </datafield>
  <datafield tag="245" ind1="0" ind2="0">
    <subfield code="a">T&#xE9;cnicas de investigaci&#xF3;n en sociedad, cultura y comunicaci&#xF3;n /</subfield>
    <subfield code="c">colaboraci&#xF3;n Luis Jes&#xFA;s Galindo C&#xE1;ceres ... [et al.] ; edici&#xF3;n Miguel &#xC1;ngel Calder&#xF3;n Reyes.</subfield>
  </datafield>
  <datafield tag="260" ind1=" " ind2=" ">
    <subfield code="a">M&#xE9;xico, D. F. :</subfield>
    <subfield code="b">Pearson Educaci&#xF3;n,</subfield>
    <subfield code="c">1998.</subfield>
  </datafield>
  <datafield tag="300" ind1=" " ind2=" ">
    <subfield code="a">523 p. :</subfield>
    <subfield code="b">il. ;</subfield>
    <subfield code="c">23 cm.</subfield>
  </datafield>
  <datafield tag="504" ind1=" " ind2=" ">
    <subfield code="a">Incluye referencias bibliogr&#xE1;ficas al final de los cap&#xED;tulos</subfield>
  </datafield>
  <datafield tag="505" ind1="0" ind2=" ">
    <subfield code="t">Introducci&#xF3;n. La lucha de la luz y la sombra /</subfield>
    <subfield code="r">Luis Jes&#xFA;s Galindo C&#xE1;ceres</subfield>
    <subfield code="t">La metodolog&#xED;a de la encuesta /</subfield>
    <subfield code="r">Heriberto L&#xF3;pez Romo</subfield>
    <subfield code="t">Grupos de discusi&#xF3;n. De la investigaci&#xF3;n social a la investigaci&#xF3;n social a la investigaci&#xF3;n reflexiva /</subfield>
    <subfield code="r">Bernardo Russi Alzaga</subfield>
    <subfield code="t">An&#xE1;lisis del discurso /</subfield>
    <subfield code="r">Julieta Haidar</subfield>
    <subfield code="t">Hacia una metodolog&#xED;a del discurso hist&#xF3;rico /</subfield>
    <subfield code="r">Alfonso Mendiola y Guillermo Zerme&#xF1;o</subfield>
    <subfield code="t">La historia oral y de vida: del recurso t&#xE9;cnico a la experiencia de investigaci&#xF3;n /</subfield>
    <subfield code="r">Jorge E. Aveces Lozano</subfield>
    <subfield code="t">Funci&#xF3;n y sentido de la entrevista cualitativa en investigaci&#xF3;n /</subfield>
    <subfield code="r">Francisco Sierra</subfield>
    <subfield code="t">Etnograf&#xED;a. El oficio de la mirada y el sentido /</subfield>
    <subfield code="r">Luis Jes&#xFA;s Galindo C&#xE1;ceres</subfield>
    <subfield code="t">An&#xE1;lisis sem&#xE1;ntico basada en im&#xE1;genes: un enfoque etnometodol&#xF3;gico /</subfield>
    <subfield code="r">Reginald A. Clifford</subfield>
    <subfield code="t">Investigaci&#xF3;n acci&#xF3;n participativa /</subfield>
    <subfield code="r">Marta Alcocer</subfield>
    <subfield code="t">Heur&#xED;stica /</subfield>
    <subfield code="r">Guillermo Espinosa Velasco</subfield>
  </datafield>
  <datafield tag="650" ind1=" " ind2="4">
    <subfield code="a">Investigaci&#xF3;n social</subfield>
    <subfield code="x">Metodolog&#xED;a</subfield>
    <subfield code="9">8598</subfield>
  </datafield>
  <datafield tag="650" ind1=" " ind2="0">
    <subfield code="a"> Investigaci&#xF3;n </subfield>
    <subfield code="9">2</subfield>
  </datafield>
  <datafield tag="650" ind1=" " ind2="0">
    <subfield code="a"> Ciencia -</subfield>
    <subfield code="x">Metodolog&#xED;a</subfield>
    <subfield code="9">3</subfield>
  </datafield>
  <datafield tag="650" ind1=" " ind2="4">
    <subfield code="a">Elaboraci&#xF3;n de proyectos</subfield>
    <subfield code="9">20595</subfield>
  </datafield>
  <datafield tag="700" ind1="1" ind2=" ">
    <subfield code="a">Espinoza, Guillermo</subfield>
    <subfield code="9">50147</subfield>
  </datafield>
  <datafield tag="700" ind1="1" ind2=" ">
    <subfield code="a">Aveces Lozano, Jorge E.</subfield>
    <subfield code="9">50148</subfield>
  </datafield>
  <datafield tag="700" ind1="1" ind2=" ">
    <subfield code="a">L&#xF3;pez Romo, Heriberto</subfield>
    <subfield code="9">50149</subfield>
  </datafield>
  <datafield tag="700" ind1="1" ind2=" ">
    <subfield code="a">Clifford, Reginald A.</subfield>
    <subfield code="9">50150</subfield>
  </datafield>
  <datafield tag="700" ind1="1" ind2=" ">
    <subfield code="a">Russi, Bernardo</subfield>
    <subfield code="9">50151</subfield>
  </datafield>
  <datafield tag="700" ind1="1" ind2=" ">
    <subfield code="a">Alcocer, Marta</subfield>
    <subfield code="9">50152</subfield>
  </datafield>
  <datafield tag="700" ind1="1" ind2=" ">
    <subfield code="a">Haidar, Julieta</subfield>
    <subfield code="9">40777</subfield>
  </datafield>
  <datafield tag="700" ind1="1" ind2=" ">
    <subfield code="a">Sierra, Francisco</subfield>
    <subfield code="9">50153</subfield>
  </datafield>
  <datafield tag="700" ind1="1" ind2=" ">
    <subfield code="a">Mendiola, Alfonso</subfield>
    <subfield code="9">50154</subfield>
  </datafield>
  <datafield tag="700" ind1="1" ind2=" ">
    <subfield code="a">Zerme&#xF1;o , Guillermo</subfield>
    <subfield code="9">50155</subfield>
  </datafield>
  <datafield tag="700" ind1="1" ind2=" ">
    <subfield code="a">Galindo C&#xE1;ceres, Luis Jes&#xFA;s</subfield>
    <subfield code="9">32937</subfield>
  </datafield>
  <datafield tag="049" ind1=" " ind2=" ">
    <subfield code="a">BNGR</subfield>
  </datafield>
  <datafield tag="952" ind1=" " ind2=" ">
    <subfield code="0">0</subfield>
    <subfield code="1">0</subfield>
    <subfield code="5">4</subfield>
    <subfield code="7">0</subfield>
    <subfield code="8">MO</subfield>
    <subfield code="a">GR</subfield>
    <subfield code="b">GR</subfield>
    <subfield code="c">CT</subfield>
    <subfield code="d">2011-02-23</subfield>
    <subfield code="i">LF1</subfield>
    <subfield code="l">0</subfield>
    <subfield code="o">001.42 T252i</subfield>
    <subfield code="p">24463-10</subfield>
    <subfield code="r">2020-06-25</subfield>
    <subfield code="w">2020-06-25</subfield>
    <subfield code="y">4</subfield>
    <subfield code="Z">Pr&#xE9;stamo en sala</subfield>
  </datafield>
  <datafield tag="999" ind1=" " ind2=" ">
    <subfield code="c">23956</subfield>
    <subfield code="d">23956</subfield>
  </datafield>
</record>
